00718nam a2200157 4500001000500000005001700005020001900022100002500041245010100066260003600167300005000203520015500253650007500408650002600483650005100509793820181127184718.000a9788184842425 00aThakur, Anil Kumar .00aRegional disparities and development :bissues and policy /cAnil Kumar Thakur, S.S. Kalamkar.h00aNew Delhi ;bRegal Publ,c2013.00axxiv, 494 pages : illustrations, map ; 23 cm. aPapers presented at the 94th Annual Conference of the Indian Economic Association, held at Bharati Vidyapeeth University during 27-29 December 2011.00aEconomic development -- India -- Regional disparities -- Congresses.x00aEconomics -- India.x00aRegional disparities -- India -- Congresses.x